Statistics for Euro 2020 Group B - Finland - Belgium

Click here to take the quiz!

General Stats

  • This quiz has been taken 40 times
  • The average score is 17 of 33

Answer Stats

Player% Correct
Kevin De Bruyne
94%
Romelu Lukaku ¹
94%
Teemu Pukki
92%
Thibaut Courtois
89%
Eden Hazard
86%
Lukáš Hrádecký
75%
Thomas Meunier
72%
Axel Witsel
69%
Dedryck Boyata
67%
Jason Denayer
64%
Roberto Martínez
64%
Thomas Vermaelen
61%
Jérémy Doku
58%
Glen Kamara
53%
Joel Pohjanpalo
50%
Nacer Chadli
44%
Robin Lod
44%
Leandro Trossard
39%
Paulus Arajuuri
39%
Daniel O'Shaughnessy
36%
Tim Sparv
36%
Christian Benteke
33%
Jere Uronen
33%
Markku Kanerva
33%
Michy Batshuayi
33%
Joona Toivio
31%
Jukka Raitala
31%
Fredrik Jensen
28%
Rasmus Schüller
25%
Hans Vanaken
22%
Joni Kauko
22%
Marcus Forss
22%
Nikolai Alho
19%

Score Distribution

Percentile by Number Answered

Percent of People with Each Score

Your Score History

You have not taken this quiz